| 000 | 00467cam a2200181ua 4500 | ||
|---|---|---|---|
| 020 | _a0 87201 736 2 | ||
| 041 |
_aeng _h |
||
| 082 |
_a621.6 _bWAR/PU |
||
| 100 | _aWarring, R H . | ||
| 245 |
_aPUMPS:selection,systems and applications / _cR H Warring. _hTextual Documents |
||
| 250 |
_a2 / _b. |
||
| 260 |
_aLondon : _bGulf Publishing Company , _c1984. |
||
| 300 | _a271 ; . | ||
| 500 | _a** Reference | ||
| 504 | _a | ||
| 942 | _cBK | ||
| 999 |
_c10501 _d10501 |
||